Тест на общие знания №40 - Statistics

General Stats
  • This quiz has been taken 35 times
  • The average score is 11 of 20
Answer Stats
Вопрос Ответ % Correct
Семенами какого растения традиционно посыпают булочки для бургеров? кунжут
96%
Какому коню не смотрят в зубы, согласно выражению? дарёный
91%
В сюжете какого произведения есть место ненависти между семьями Монтекки и Капулетти? "Ромео и Джульетта"
91%
На каком континенте расположено больше всего стран? Африка
91%
Кто написал "Тараса Бульбу"? Николай Гоголь
83%
Каким животным был Копатыч из мультсериала "Смешарики"? медведь
83%
Как называется олимпиада, ориентированная на спортсменов с ограниченными возможностями? паралимпиада
78%
Как называется угол меньше 90°? острый
78%
В какой город приехали на летние каникулы Диппер и Мэйбл Пайнс? Гравити Фолз
61%
Чем отрубило голову Берлиозу в романе "Мастер и Маргарита"? трамвай
61%
Какая принцесса Disney родом с островов Полинезии? Моана
57%
Чем занимались Василий Баженов, Ле Корбюзье и Антонио Гауди? архитектура
43%
Какая страна состоит из 16 воеводств? Польша
39%
Как называются современные потомки древних египтян, исповедующие христианство? копты
30%
О каком сообществе повествует фильм "Союз спасения"? декабристы
26%
Что делает сомнамбула? ходит во сне
22%
Главным героем какого сериала был Дункан Маклауд? "Горец"
22%
Кто 2 года и 271 день рассказывал султану истории, чтобы спастись от казни? Шахерезада
22%
Это происходит раз в году и названо в честь греческого бога Януса. Что это? январь
22%
Что это такое - зелёное, красное, всё кружится, и кружится, и кружится? лягушка в миксере
9%
No matching quizzes found
Score Distribution
Percent of People with Each Score
Percentile by Number Answered
Your Score History
You have not taken this quiz